| 000 | 00908nam a22001815i 4500 | ||
|---|---|---|---|
| 001 | 160966 | ||
| 003 | ES-MaACL | ||
| 005 | 20230906212150.0 | ||
| 008 | 041007s1889 sp |||| | spa d | ||
| 100 | 1 |
_aOliver y Esteller, Bienvenido. _9130627 |
|
| 245 | 1 | 0 |
_aBreve sumario del proyecto de Código civil de Alemania y del proyecto de ley para su planteamiento / _cpor D. Bienvenido Oliver y Esteller ; trabajo publicado en la Revista de derecho internacional. |
| 260 |
_aMadrid : _b[s.n.], _c1889 ( _fJ. Góngora y Álvarez, imp.) |
||
| 300 |
_a37 p. ; _c23 cm. |
||
| 530 | _aDisponible en formato digital. | ||
| 650 | 0 | 4 |
_aDerecho civil- _zAlemania. _911657 |
| 852 |
_aES-MaACL _jT-1264-F-6 _z- Enc. hol., conservando cub. original _z- Ded. ms. del autor a Laureano Figuerola _z- Enc. en un vol. facticio |
||
| 856 |
_uhttp://bdh-rd.bne.es/viewer.vm?id=0000132999&page=1 _zBiblioteca Digital Hispánica |
||
| 999 |
_c160966 _d160966 |
||